The amphibians and reptiles of Greece

Αποθηκεύτηκε σε:
Λεπτομέρειες βιβλιογραφικής εγγραφής
Άλλοι συγγραφείς: Βαλάκος, Ευστράτιος Δ.
Μορφή: Βιβλίο
Γλώσσα:English
Δημοσίευση: Frankfurt am Main : Edition Chimaira, c2008.
Σειρά:Frankfurter Beitrage zur Naturkunde
Θέματα:
Ετικέτες: Προσθήκη ετικέτας
Δεν υπάρχουν, Καταχωρήστε ετικέτα πρώτοι!

MARC

LEADER 00000cam a2200000 i 4500
001 1/9086
008 100709s2008####gr ||| | eng||
020 |a 9783899734614  
035 |l 10108502 
040 |a GR-MY-UA  |b gre  |e aacr 
041 0 |a eng 
082 0 |a 597.9   |2 (22)  
245 1 4 |a The amphibians and reptiles of Greece /   |c Efstratios D. Valakos ... [κ. ά.]  
260 |a Frankfurt am Main :   |b Edition Chimaira,   |c c2008.  
300 |a 463 σ. :   |b εικ. (κυρ. έγχρ.), χάρτες (μερ. έγχρ.) ;   |c 22 εκ.  
490 1 |a (Frankfurter Beitrage zur Naturkunde = Frankfurt contributions to natural history ;   |v 32)   |x 1613-2327  
500 |a Lanesboro, MN : Zoo Book Sales, Serpents Tale [U.S. distributor] 
504 |a Βιβλιογραφία: σ. 422-450.  
650 0 0 |a Amphibians  |z Greece. 
650 0 0 |a Reptiles  |z Greece. 
700 1 |a Βαλάκος, Ευστράτιος Δ. 
830 0 |a Frankfurter Beitrage zur Naturkunde 
852 |a INST  |b LESVOS  |e 20100709  |h 597.9 AMP  |p 005100048140  |q 005100048140  |t BK  |y 0 
901 |a BIBL1-2010-2 
909 |a Λ  |b 165806 
970 |a ΚΑΡΑ  |b ΓΙΑΣΕΜΗ  |z 2010/07/09